000 00482nam a22001937a 4500
003 CEME
005 20210628205435.0
008 210127b xxu||||| |||| 00| 0 eng d
020 _a81-86340-74-2
040 _c.
082 _a004 BAS
100 _aBasandra, Suresh K
_975558
245 _aComputers today
250 _aIST
260 _aNEW DELHI
_bGALGOTIA PUBLICATION
_c1997
300 _aLXIII,1090P
650 _aCOMPUTERS TODAY.COMPUTER TODAY
_975559
942 _cBK
_2ddc
999 _c580956
_d580956